00298nam a22001097a 4500082003100000100003500031245002200066260004500088300001000133500000800143526003700151 a297.14bISLcL-31-II, P-19 aIslahi, Mulana Muhammad Yousaf aآسان فقہ aLahore:bIslamic Publication Ltd;c1984. a490p. aMCE a0b0c0d297_140000000000000_YOU